Statistics for Top countries by the most international tourism expenditure

Click here to take the quiz!

General Stats

  • This quiz has been taken 510 times
  • The average score is 9 of 10

Answer Stats

HintAnswer% Correct
$110.8 billionUnited States
100%
$164.9 billionChina
98%
$47.8 billionFrance
97%
$57.6 billionUnited Kingdom
95%
$92.2 billionGermany
94%
$28.8 billionItaly
93%
$33.8 billionCanada
90%
$50.4 billionRussia
85%
$26.3 billionAustralia
83%
$25.6 billionBrazil
75%

Score Distribution

Percentile by Number Answered

Percent of People with Each Score

Your Score History

You have not taken this quiz